00674nam a2200193Ia 450000500170000000800410001702000150005808200210007310000150009424500730010926001210018230000180030365000160032165000140033765000110035194200060036295200970036899900150046520250109005837.0240331s9999 xx 000 0 und d a9718953019 bRAN24665a305.3 aDavid, R.S 0aNation, Self and Citizenship:bAn Invitation to Philippine Sociology aQuezon CitybDepartment of Sociology, College of Social Sciences and Philosophy, University of the Philippinesc2002 axiii, 368 p., aPhilippines aSociology aNation cL 001040708LaWERCLbWERCLcSSCd2024-03-31l0o 305.3 DAVp4665r2024-03-31w2024-03-31yL c1561d1561